Gimnasia educativa / (Record no. 21188)

MARC details
000 -LEADER
campo de control de longitud fija 00587nam a2200181 i 4500
001 - NÚMERO DE CONTROL
campo de control 21188
003 - IDENTIFICADOR DE NÚMERO DE CONTROL
campo de control ES-MaACL
005 - FECHA Y HORA DE LA ÚLTIMA TRANSACCIÓN
campo de control 20231227200018.0
007 - CAMPO FIJO DE DESCRIPCIÓN FÍSICA--INFORMACIÓN GENERAL
campo de control de longitud fija t|
008 - DATOS DE LONGITUD FIJA--INFORMACIÓN GENERAL
campo de control de longitud fija 021122s1948 sp ||||1| spa d
100 1# - ENTRADA PRINCIPAL--NOMBRE DE PERSONA
Nombre de persona Agosti, Luis.
9 (RLIN) 18572
245 10 - MENCIÓN DEL TÍTULO
Título Gimnasia educativa /
Mención de responsabilidad, etc. Luis Agosti ; prólogo del Prof. Carlos Jiménez Díaz.
260 ## - PUBLICACIÓN, DISTRIBUCIÓN, ETC.
Lugar de publicación, distribución, etc. Madrid :
Nombre del editor, distribuidor, etc. [s.n.],
Fecha de publicación, distribución, etc. 1948 (
Fabricante Tall. Instituto Geográfico y Catastral)
300 ## - DESCRIPCIÓN FÍSICA
Extensión XVI, 767 p. :
Otras características físicas il. ;
Dimensiones 28 cm.
700 1# - ENTRADA AGREGADA--NOMBRE PERSONAL
Nombre de persona Jiménez Díaz, Carlos,
Fechas asociadas al nombre 1898-1967
9 (RLIN) 66515
852 ## - LOCALIZACIÓN
Ubicación ES-MaACL
Número de control de estantería B-766
Sublocalización o colección R.25333
Holdings
Estatus retirado Estado de pérdida Estado de daño No para préstamo Biblioteca de origen Biblioteca actual Ubicación en estantería Fecha de adquisición Fuente de adquisición Total de préstamos Signatura topográfica completa Código de barras Visto por última vez Precio de reemplazo Tipo de ítem Koha
        Biblioteca del Ateneo de Madrid Biblioteca del Ateneo de Madrid Sala Pardo Bazán 17/01/2008     B-766 1021763 23/02/2023 23/02/2023 Libro impreso